La caída: narración

Sábháilte in:
Sonraí bibleagrafaíochta
Príomhchruthaitheoir: Camus, Albert
Formáid: LEABHAR
Teanga:Undetermined
Foilsithe / Cruthaithe: México, Distrito Federal Editora Zarco 1956
Ábhair:
Clibeanna: Cuir clib leis
Níl clibeanna ann, Bí ar an gcéad duine le clib a chur leis an taifead seo!

MARC

LEADER 00000nam a2200000Ia 4500
008 170316s9999 xx 000 0 und d
040 |a cru BVZT 
090 |a 840 C-2c 
100 |a Camus, Albert 
245 |a La caída: narración 
260 |a México, Distrito Federal 
260 |b Editora Zarco 
260 |c 1956 
300 |a 83 páginas 
650 |a LITERATURA FRANCESA 
650 |a NARRACIÓN 
999 |c 7582  |d 7582 
942 |c 15 D  |h 840 C-2c  |2 z